| 000 | 00581nam a2200217Ia 4500 | ||
|---|---|---|---|
| 001 | 14933 | ||
| 003 | GE_BSU | ||
| 008 | 181216s||||||||xx |||||||||||||| ||und|| | ||
| 020 | _a5020144002 | ||
| 040 | _cGE_BSU | ||
| 080 | _a521.9 | ||
| 100 | _aБелонучкин,В.Е. | ||
| 245 | _aКеппер. Ньютон и все -все-все... | ||
| 245 | _cРед.Л.А.Панюшкина | ||
| 260 | _aМосква | ||
| 260 | _bНаука | ||
| 260 | _c1990 | ||
| 300 | _a127стр.20см. | ||
| 653 | _aКеппер. Ньютон и все -все-все... | ||
| 942 | _cBK | ||
| 999 |
_c48053 _d48053 |
||